Seguridad industrial
Guardat en:
| Autor principal: | |
|---|---|
| Format: | Llibre |
| Idioma: | espanyol |
| Publicat: |
Ciudad de México, Mexico
Diana
1970
|
| Matèries: | |
| Etiquetes: |
Afegir etiqueta
Sense etiquetes, Sigues el primer a etiquetar aquest registre!
|
MARC
| LEADER | 00000nam a2200000 a 4500 | ||
|---|---|---|---|
| 001 | UCU6968 | ||
| 003 | CL-VaPUC | ||
| 005 | 20220907074520.0 | ||
| 008 | 960628e19700900MX |||||||||||||||||spa|d | ||
| 999 | |c 249695 |d 249693 | ||
| 040 | |c Pontificia Universidad Católica de Valparaíso | ||
| 082 | 0 | 4 | |a 658.382 BLA 1970 |2 21 |
| 100 | 0 | |a Blake, Roland P |e autor |9 365396 | |
| 245 | 1 | 0 | |a Seguridad industrial |
| 260 | 0 | 3 | |a Ciudad de México, Mexico |b Diana |c 1970 |
| 300 | |a 479 páginas | ||
| 583 | |a last modification |c 19960628 00:00:00 |k Rodrigo Vera | ||
| 650 | 7 | |a SANIDAD Y SEGURIDAD OCUPACIONAL |2 CL-VaPUC |9 358734 | |
| 650 | 0 | |a Condiciones de trabajo |9 359118 | |
| 650 | 0 | |a Accidentes de trabajo |9 254901 | |
| 650 | 7 | |a MEDICINA DEL TRABAJO |2 CL-VaPUC |9 358736 | |
| 650 | 7 | |a POLITICA SANITARIA |2 CL-VaPUC |9 364998 | |
| 942 | |c BK |2 ddc | ||
| 945 | |d 19960628 00:00:00 |a cmena | ||
| 952 | |0 0 |1 0 |2 ddc |4 0 |6 658_382000000000000_BLA_1970 |7 0 |8 A |9 267151 |a BIBING |b BIBING |d 2019-11-19 |i 1696122 |o 658.382 BLA 1970 |p 1696122 |r 2025-01-20 |t 2 |w 2019-11-19 |y BK |k TRA | ||